000 01164cam a2200325Mi 4500
001 ocn433342434
005 20181214074413.0
008 181214s1987 sp b 000 0 spa d
016 7 _abimoBNE19911422357
_2SpMaBN
017 _aM 35524-1987
020 _a8437607043
020 _a9788437607047
029 1 _aESUDE
_b.b16238515
035 _a(OCoLC)433342434
040 _aCo-BoUCM
_bspa
_cSaul Niño
_dSaul Niño
041 1 _aspa
_heng
100 1 _aEliot, T. S.
_d1888-1965
_995052
245 1 0 _aCuatro cuartetos
_cT.S. Eliot ; edición bilingüe de Esteban Pujals Gesalí ; traducción de Esteban Pujals Gesalí
260 _aMadrid
_bCátedra
_c1987
300 _a161 páginas
_bilustraciones, fotografías
490 0 _aLetras universales
_v88
546 _aTexto en español e inglés
600 1 4 _aEliot, T. S.
_d1888-1965
_xCrítica e interpretación
_995053
650 7 _aPoesía estadounidense
_ySiglo XX
_921810
650 7 _aPoesía inglesa
_ySiglo XX
_97940
700 1 _aPujals Gesalí, Esteban
_d1952-
_etraductor
_995054
765 _tFour quartets
942 _2DEWEY
_a18
_cLIBRO
_e1
_h821.5
_mE427u
999 _c311281
_d311281